Russian language test workshop (2nd edition) (Record no. 56870)
[ view plain ]
| 000 -LEADER | |
|---|---|
| fixed length control field | 00632nam a2200181 a 4500 |
| 008 - FIXED-LENGTH DATA ELEMENTS--GENERAL INFORMATION | |
| fixed length control field | 210303s2006 ||||||||||||||||| || u |
| 020 ## - INTERNATIONAL STANDARD BOOK NUMBER | |
| International Standard Book Number | 9785883371294 |
| 050 ## - LIBRARY OF CONGRESS CALL NUMBER | |
| Classification number | PG 2900 Bab |
| 100 ## - MAIN ENTRY--PERSONAL NAME | |
| Personal name | Pugachov, I.A |
| 245 10 - TITLE STATEMENT | |
| Title | Russian language test workshop (2nd edition) |
| Statement of responsibility, etc. | N.G Babai; I.A Pugachov; C.U Remezova |
| 250 ## - EDITION STATEMENT | |
| Edition statement | 2nd edition |
| 260 ## - PUBLICATION, DISTRIBUTION, ETC. | |
| Place of publication, distribution, etc. | Moscow |
| Date of publication, distribution, etc. | 2006 |
| 300 ## - PHYSICAL DESCRIPTION | |
| Extent | 173 pages |
| 650 ## - SUBJECT ADDED ENTRY--TOPICAL TERM | |
| Topical term or geographic name entry element | RUSSIAN LITERATURE |
| 700 ## - ADDED ENTRY--PERSONAL NAME | |
| Personal name | Remezova, C.U |
| 700 ## - ADDED ENTRY--PERSONAL NAME | |
| Personal name | Babai, N.G |
| 995 ## - RECOMMENDATION 995 [LOCAL, UNIMARC FRANCE] | |
| -- | CBU-MAIN LIBRARY (Kitwe) |
| -- | 1 |
| -- | AVAILABLE |
| -- | Mar 3, 2021 |
| -- | Main Library Open Access Collection |
| Withdrawn status | Lost status | Source of classification or shelving scheme | Damaged status | Not for loan | Home library | Current library | Shelving location | Date acquired | Total Checkouts | Full call number | Barcode | Date last seen | Price effective from | Koha item type |
|---|---|---|---|---|---|---|---|---|---|---|---|---|---|---|
| CBU-MAIN LIBRARY, KITWE. | CBU-MAIN LIBRARY, KITWE. | 11/30/2022 | PG 2900 Bab | 750883 | 11/30/2022 | 11/30/2022 | MONOGRAPH |